Çalışmaya hazır iş gücü olarak kentli kadın ve değişimi (Record no. 1347)

MARC details
000 -BAŞLIK
Sabit Uzunlukta Kontrol Alanı 00794na a2200241 4500
001 - KONTROL NUMARASI
Denetim Alanı 13562
003 - KONTROL NUMARASI IDENTIFIER
Denetim Alanı MIRAKIL
005 - SON İŞLEM TARİHİ VE ZAMANI
Denetim Alanı 20181213154820.0
008 - SABİT-BOY VERİ ELEMANLARI - GENEL BİLGİLER
Sabit Uzunlukta Kontrol Alanı 161102b tu 000 0
035 ## - SİSTEM KONTROL NUMARASI
Sistem Kontrol Numarası 13562
040 ## - KATALOGLAMA KAYNAK
Orijinal Kataloglama Ajansı Milas
Kataloglama Dili tur
Metne Dönüştürmek Ajansı TR-AnCHP
082 ## - DEWEY ONLU SINIFLANDIRMA NUMARASI
Sınıflandırma Numarası 331.4126
Ürün Numarası Ç24 1999
090 ## - SINIFLAMA NUMARASI
Sınıflama Numarası 331.4126 Ç24 1999
245 ## - BAŞLIK TABLOSU
Başlık Çalışmaya hazır iş gücü olarak kentli kadın ve değişimi
Sorumluluk Tablosu, Vb araştırma grubu; Ahmet Demirel, ...(ve öte.)
260 ## - YAYIN, DAĞITIM, VB
Yayın, Dağıtım, Vb Yeri Ankara
Yayıncı, Dağıtıcı, Vs Adı T.C. Başbakanlık Kadının Statüsü ve Sorunları Genel Müdürlüğü
Yayın, Dağıtım, Vb Tarihi 1999
300 ## - FİZİKSEL TANIM
Kapsam xiii, 272 s.
Diğer Fiziksel Ayrıntıları tbl.
Boyutlar 23 sm.
504 ## - KAYNAKÇA VB NOT
Kaynakça Vb Notu Kaynakça var.
650 ## - KONU KATMA GİRİŞ - TOPİKAL DÖNEM
Topikal Süreli Veya Coğrafi Ad Giriş Elemanı Kadınlar
Genel Alt Bölümü Sosyo ekonomik durum
Coğrafi Alt Bölümü Türkiye
650 ## - KONU KATMA GİRİŞ - TOPİKAL DÖNEM
Topikal Süreli Veya Coğrafi Ad Giriş Elemanı Kentli kadın
650 ## - KONU KATMA GİRİŞ - TOPİKAL DÖNEM
Topikal Süreli Veya Coğrafi Ad Giriş Elemanı Kadınlar
Genel Alt Bölümü İstihdam
700 ## - KATMA GİRİŞ - KİŞİSEL İSİM
Kişisel Ad Demirel, Ahmet
942 ## - EKLENDİ GİRİŞ ELEMANLARI (KOHA)
Sınıflandırma Veya Raf Düzeni Kaynak Dewey Decimal Classification
Koha Öğesi Türü Books
999 ## - SİSTEM KONTROL NUMARALARI (KOHA)
Koha Biblionumber 1347
Koha Biblioitemnumber 1347
Holdings
Kalıcı Konum Mevcut Konum Edinme Tarihi Edinim Kaynak Toplam Check-Out'Lar Tam Çağrı Numarası Barkod Tarih Son Görülme İtibaren Geçerli Fiyatlar Koha Öğesi Türü
CHP Kütüphanesi CHP Kütüphanesi 08/15/2016 Bağış   331.4126 Ç24 1999 001019 08/15/2016 08/15/2016 Books